Những nguy cơ đối với hệ đất - hệ xã hội hiện nay /
שמור ב:
| מחבר תאגידי: | |
|---|---|
| פורמט: | Bài viết |
| שפה: | Vietnamese |
| נושאים: | |
| תגים: |
הוספת תג
אין תגיות, היה/י הראשונ/ה לתייג את הרשומה!
|
| Thư viện lưu trữ: | Thư viện Trường Đại học Đà Lạt |
|---|
| LEADER | 00899nam a2200289 4500 | ||
|---|---|---|---|
| 001 | DLU100105132 | ||
| 005 | ##20100323 | ||
| 040 | # | # | |a DLU |b vie |
| 041 | # | # | |a vie |
| 044 | # | # | |a vn |
| 245 | # | # | |a Những nguy cơ đối với hệ đất - hệ xã hội hiện nay / |c Chuyên trang văn nghệ dân tộc. |
| 653 | # | # | |a Ô nhiễm môi trường |
| 653 | # | # | |a Chất thải công nghiệp |
| 653 | # | # | |a Khai thác khoáng sản |
| 653 | # | # | |a Khai thác lâm sản |
| 653 | # | # | |a Phá rừng |
| 710 | # | # | |a Chuyên trang văn nghệ dân tộc. |
| 773 | # | # | |t Văn nghệ dân tộc |g Số6(154), 2008, tr. 6-9 |
| 920 | # | # | |a Phòng Tạp chí -- Trung tâm Thông tin - Thư viện Trường Đại học Đà Lạt |
| 994 | # | # | |a DLU |
| 900 | # | # | |a True |
| 911 | # | # | |a Nguyễn Thị Linh Chi |
| 925 | # | # | |a G |
| 926 | # | # | |a A |
| 927 | # | # | |a BB |
| 980 | # | # | |a Thư viện Trường Đại học Đà Lạt |